00318nam a22000977a 4500100001300000245013400013260002600147300000900173650001400182650002400196 aMendis,S aComparison of vitamin C (ascorbic acid) contents and antioxidant activities of fresh and dried Phyllanthus emblica (Nelli) fruits aColombobICHEMCc2012 a35 P avitamin c aphyllanthus emblica